00843nam a2200241Ia 450000100060000000300090000600800410001504000130005604000130006904100130008210000200009510000290011524501200014424500320026425000110029626000100030726000130031726000490033030000570037950001090043665000250054565000310057060602IT-RoPAU130308s9999 xx 000 0 und d aIT-RoPAU cIT-RoPAU aFRANCESE aBaggioni Daniel gCodice Aut. SPICS: 9673 aPrehistoire de la glottopolitique dans la linguistique europeenne de J.G. Herder au cercle linguistique de Prague bGlottopolitique-Langages 83 a1a ed. aPARIS bLarousse c1986 [1° Ed.:1986 - Ed.Ling.Originale:1986] a"17 p. (prefazione: no ; testo: 17 [pagine: 35-51])" aPreistoria della Glottopolitica nella Linguistica Europea di J.G. Herder al Circolo Linguistico di Praga aSAGGI DI LINGUISTICA eCodice materia Spics: 3207